000 00230nam a22000857a 4500
008 161215b xxu||||| |||| 00| 0 eng d
100 _92081
_aAggarwal, J.C
245 _aElementry GUidence and Counseling
260 _aNEW DELHI
_bArya
_c2007
999 _c4957
_d4957